| 000 | 00656nam a2200253 a 4500 | ||
|---|---|---|---|
| 003 | AR-BaBNM | ||
| 005 | 20251128205651.0 | ||
| 008 | 082120s2002 ||||||||||||||000 | spa|| | ||
| 020 | _a950-04-0472-9 | ||
| 040 | _cAR-BaBNM | ||
| 100 | 1 | _aBioy Casares, Adolfo | |
| 245 | 0 | 0 | _aLa aventura de un fotógrafo en La Plata |
| 250 | _a1ª ed. | ||
| 260 |
_aBuenos Aires _bEmecé _c1992 |
||
| 300 | _a222 p. | ||
| 490 | 0 | _aEscritores argentinos. Novelas, cuentos y relatos | |
| 650 | 4 | _aLITERATURA ARGENTINA | |
| 650 | 4 | _aLITERATURA CONTEMPORANEA | |
| 650 | 4 | _aNOVELAS | |
| 650 | 4 | _aHUMOR | |
| 655 | _aLITERATURA | ||
| 942 | _cBK | ||
| 998 | _cMARTIN | ||
| 999 |
_c12314 _d12314 |
||